| 000 | 00623nam a22002057a 4500 | ||
|---|---|---|---|
| 999 |
_c6615 _d6615 |
||
| 003 | GBCCL | ||
| 005 | 20241126110607.0 | ||
| 008 | 180521b ||||| |||| 00| 0 eng d | ||
| 040 | _cgbc | ||
| 082 |
_a268.434 _bSHA |
||
| 100 |
_aShaffer, Evan L. _911830 |
||
| 245 |
_aUnforgettable characters: _bwith unforgettable truths for today / _cEvan L. Shaffer |
||
| 250 | _aRev. ed. | ||
| 260 |
_aDenver: _bAccent Publications, _c1983 |
||
| 300 |
_a95 p.; _bill., _c22 cm. |
||
| 440 |
_aAdult Teacher Bible study guide _98332 |
||
| 650 |
_aBible _xStudy and teaching _910863 |
||
| 650 |
_aBible _xBiography _911153 |
||
| 942 |
_2ddc _cBK |
||